Molecular ecology resources. (Registro nro. 18944)
[ vista simple ]
| 000 -CABECERA | |
|---|---|
| Campo de control | 00835cas a2200253 a 4500 |
| 005 - FECHA Y HORA DE LA ULTIMA TRANSACCION | |
| Campo de control | 20180803170323.0 |
| 008 - ELEMENTOS DE LONGITUD FIJA—INFORMACION GENERAL | |
| Campo de control | 080205c2001 enkmr p 0 0eng c |
| 022 ## - ISSN | |
| ISSN | 1755-098X |
| ISSN incorrecto | 1471-8278 |
| 040 ## - FUENTE DE CATALOGACIÓN | |
| Agencia catalogadora original | VXG |
| Agencia transcriptora | VXG |
| Agencia Modificadora | WAU |
| -- | OCLCQ |
| -- | CLU |
| -- | CUS |
| -- | NLM |
| -- | DLC |
| -- | WAU |
| -- | NSD |
| -- | OCLCQ |
| -- | HEBIS |
| -- | GBVCP |
| -- | GWDNB |
| -- | UKMGB |
| -- | OCLCQ |
| -- | OCLCF |
| -- | NOC |
| -- | OCLCQ |
| -- | CO-BoIAVH |
| 041 0# - IDIOMA | |
| Código de idioma para texto/pista de sonido o título separado | Inglés |
| 044 ## - PAÍS DE PUBLICACIÓN | |
| País de publicación | Reino Unido |
| 090 ## - CLASIFICACIÓN LOCAL | |
| Colección | SE- |
| 245 00 - MENCION DE TITULO | |
| Título | Molecular ecology resources. |
| 260 ## - PUBLICACION, DISTRIBUCION, ETC. (PIE DE IMPRENTA) | |
| Lugar de publicación, distribución, etc. | Oxford, England : |
| Nombre del editor, distribuidor, etc. | Blackwell Pub. |
| Fecha de publicación, distribución, etc. | 2001-. |
| 300 ## - DESCRIPCION FISICA | |
| Otros detalles físicos | ilustraciones y gráficas ; |
| Dimensiones | 27 x 21 cm. |
| 310 ## - FRECUENCIA ACTUAL DE LA PUBLICACIÓN | |
| Frecuencia actual de la publicación | Mensual |
| 321 ## - FRECUENCIA ANTERIOR DELA PUBLICACIÓN | |
| Frecuencia anterior de la publicación | Mensual |
| 500 ## - NOTA GENERAL | |
| Nota general | Descripción del Vol. 9 Suplemento 1, Mayo de 2009. |
| 650 16 - ASIENTO SECUNDARIO DE MATERIA - TERMINO TEMATICO | |
| Término temático o nombre geográfico como elemento de entrada | Ecología |
| 9 (RLIN) | 92250 |
| 650 26 - ASIENTO SECUNDARIO DE MATERIA - TERMINO TEMATICO | |
| Término temático o nombre geográfico como elemento de entrada | Bioinformática |
| 9 (RLIN) | 14957 |
| 650 26 - ASIENTO SECUNDARIO DE MATERIA - TERMINO TEMATICO | |
| Término temático o nombre geográfico como elemento de entrada | Biología molecular |
| 9 (RLIN) | 93011 |
| 650 14 - ASIENTO SECUNDARIO DE MATERIA - TERMINO TEMATICO | |
| 9 (RLIN) | 73798 |
| Término temático o nombre geográfico como elemento de entrada | Ecología molecular |
| Subdivisión de forma | Periódicas |
| 942 ## - ELEMENTOS ADICIONALES (KOHA) | |
| Sistema de clasificación | Local |
| Tipo de ítem | Periodica o revista |
| Withdrawn status | Lost status | Sistema de Clasificación | Damaged status | No para préstamo | Colección | Fecha publicación (Año) | Volumen revista | Número revista | Inventariado | Ubicación Permanente | Ubicación actual | Fecha de adquisición | Datos de publicación Seriada | Total Checkouts | Número topográfico | Inventario / Código de Barras | Date last seen | Ejemplar | Price effective from | Forma de adquisición | Tipo de material |
|---|---|---|---|---|---|---|---|---|---|---|---|---|---|---|---|---|---|---|---|---|---|
| Local | Hemeroteca | 2009 | 9 | Suplemento 1 | Inventariado 2017 | Bogotá | Bogotá | 01/08/2016 | Vol 9, Sup 1 (01/05/2009) | SE- | 040569 | 01/08/2016 | Ej. 1 | 01/08/2016 | Donación | Periodica o revista |